Statystyki dla Wyrazy zakończone na -chód

Kliknij tutaj aby rozwiązać quiz!

Ogólne statystyki

  • Ten quiz został rozwiązany 193 razy
  • Średni wynik to 8 z 22

Statystyki odpowiedzi

HintOdpowiedź% Poprawnych
4-literowechód
87%
8-literowesamochód
80%
6-literowezachód
80%
6-literowewschód
78%
6-literowepochód
65%
6-literowedochód
62%
5-literoweschód
52%
6-literoweobchód
49%
8-literoweprzychód
49%
5-literowewchód
49%
6-literowewychód
40%
6-literoweodchód
38%
7-literowerozchód
32%
7-literowepodchód
24%
7-literoweinochód
3%
11-literowekontrpochód
2%
8-literowelodochód
2%
13-literowemikrosamochód
2%
12-literoweminisamochód
2%
9-literoweskorochód
2%
8-literowewodochód
2%
9-literowepalcochód
1%

Rozkład punktacji

Percentyl według liczby udzielonych odpowiedzi

Procent ludzi z każdym wynikiem

Twoja historia wyników

Nie rozwiązałeś tego quizu